Southville International School and Colleges
Your cart is empty.
  • Cart
  • Lists
    Public lists Eva Luna New books Lux_list list_1
    Your lists Log in to create your own lists
  • Log in to your account
  • Your cookies
  • Search history
Southville International School and Colleges
  • Advanced search
  • Recent comments
  • Most popular
  • Libraries

Log in to your account

Log in with GOOGLE


If you do not have an external account, but do have a local account, you can still log in:

  1. Home
  2. MARC view: Analyzing physical and environmental factors in procuring real estate property in in muntinlupa, parañaque, and las piñas
Normal view MARC view ISBD view

Analyzing physical and environmental factors in procuring real estate property in in muntinlupa, parañaque, and las piñas (Record no. 367077)

[ view plain ]
MARC details
000 -LEADER
fixed length control field 00883nam a22002177a 4500
003 - CONTROL NUMBER IDENTIFIER
control field 0
005 - DATE AND TIME OF LATEST TRANSACTION
control field 20250127151256.0
008 - FIXED-LENGTH DATA ELEMENTS--GENERAL INFORMATION
fixed length control field 250127b xxu||||| |||| 00| 0 eng d
050 ## - LIBRARY OF CONGRESS CALL NUMBER
Classification number HD 1375
Item number .G65 2019
100 ## - MAIN ENTRY--PERSONAL NAME
Personal name Gokesan, Marvin Jay M.
245 ## - TITLE STATEMENT
Title Analyzing physical and environmental factors in procuring real estate property in in muntinlupa, parañaque, and las piñas
Statement of responsibility, etc Marvin Jay M. Gokesan
260 ## - PUBLICATION, DISTRIBUTION, ETC. (IMPRINT)
Place of publication, distribution, etc Las Pinas City
Name of publisher, distributor, etc Southville International School and Colleges
Date of publication, distribution, etc 2019
300 ## - PHYSICAL DESCRIPTION
Extent v, 41 pages ;
Dimensions 28 cm.
500 ## - GENERAL NOTE
General note Marketing Management.
504 ## - BIBLIOGRAPHY, ETC. NOTE
Bibliography, etc Includes bibliographical references and index. <br/>
650 ## - SUBJECT ADDED ENTRY--TOPICAL TERM
Topical term or geographic name as entry element Real estate investment—Environmental aspects.
650 ## - SUBJECT ADDED ENTRY--TOPICAL TERM
Topical term or geographic name as entry element Real property—Economic aspects.
650 ## - SUBJECT ADDED ENTRY--TOPICAL TERM
Topical term or geographic name as entry element Land use—Planning—Muntinlupa (Philippines).
651 ## - SUBJECT ADDED ENTRY--GEOGRAPHIC NAME
Geographic name Land use—Planning—Parañaque (Philippines).
942 ## - ADDED ENTRY ELEMENTS (KOHA)
Source of classification or shelving scheme Library of Congress Classification
Koha item type Theses
Holdings
Withdrawn status Lost status Source of classification or shelving scheme Damaged status Home library Current library Shelving location Date acquired Source of acquisition Sub Shelving location Total Checkouts Full call number Barcode Date last seen Price effective from Koha item type
    Library of Congress Classification   College Library College Library Theses Section 01/27/2025 Donation     HD 1375 .G65 2019 T1303 01/27/2025 01/27/2025 Theses

Analyzing physical and environmental factors in procuring real estate property in in muntinlupa, parañaque, and las piñas

APA

Gokesan M. J. M., . (2019). Analyzing physical and environmental factors in procuring real estate property in in muntinlupa, parañaque, and las piñas. Las Pinas City: Southville International School and Colleges.

Chicago

Gokesan Marvin Jay M, . 2019. Analyzing physical and environmental factors in procuring real estate property in in muntinlupa, parañaque, and las piñas. Las Pinas City: Southville International School and Colleges.

Harvard

Gokesan M. J. M., . (2019). Analyzing physical and environmental factors in procuring real estate property in in muntinlupa, parañaque, and las piñas. Las Pinas City: Southville International School and Colleges.

MLA

Gokesan Marvin Jay M, . Analyzing physical and environmental factors in procuring real estate property in in muntinlupa, parañaque, and las piñas. Las Pinas City: Southville International School and Colleges. 2019.

  • Print
  • Cite
  • Add to your cart (remove)
  • Save record
    BIBTEX Dublin Core MARCXML MARC (non-Unicode/MARC-8) MARC (Unicode/UTF-8) MARC (Unicode/UTF-8, Standard) MODS (XML) RIS
  • More searches
    Search for this title in:
    Other Libraries (WorldCat) Other Databases (Google Scholar) Online Stores (Bookfinder.com) Open Library (openlibrary.org)

Exporting to Dublin Core...

SOUTHVILLE LIBRARY

Southville International School and Colleges Library

1281 Tropical Ave. Cor. Luxembourg St., BF Homes International, Las Pinas City

Tel. No. 8256374 / 252358 Loc. 117/146

Powered by Koha